Some account of gothic architecture in Spain / (Record no. 165814)

MARC details
000 -LEADER
campo de control de longitud fija 00723nam a22002055i 4500
001 - NÚMERO DE CONTROL
campo de control 165814
003 - IDENTIFICADOR DE NÚMERO DE CONTROL
campo de control ES-MaACL
005 - FECHA Y HORA DE LA ÚLTIMA TRANSACCIÓN
campo de control 20230906213218.0
008 - DATOS DE LONGITUD FIJA--INFORMACIÓN GENERAL
campo de control de longitud fija 990322s1865 xxkafe |||| | eng d
040 ## - FUENTE DE CATALOGACIÓN
Centro catalogador/agencia de origen CCPB | B
Lengua de catalogación spa
Centro/agencia transcriptor CCPB | B
100 1# - ENTRADA PRINCIPAL--NOMBRE DE PERSONA
Nombre de persona Street, George Edmund.
9 (RLIN) 108414
245 10 - MENCIÓN DEL TÍTULO
Título Some account of gothic architecture in Spain /
Mención de responsabilidad, etc. by George Edmund Street.
260 ## - PUBLICACIÓN, DISTRIBUCIÓN, ETC.
Lugar de publicación, distribución, etc. London :
Nombre del editor, distribuidor, etc. John Murray,
Fecha de publicación, distribución, etc. 1865 (
Fabricante Printed by William Clowes and Sons)
300 ## - DESCRIPCIÓN FÍSICA
Extensión XIV, 527 p., 51 h. de lám., XXV h. de plan. :
Otras características físicas il. ;
Dimensiones 23 cm.
500 #1 - NOTA GENERAL
Nota general Índices.
650 #4 - PUNTO DE ACCESO ADICIONAL DE MATERIA--TÉRMINO DE MATERIA
Término de materia o nombre geográfico como elemento de entrada Arquitectura gótica-
Subdivisión geográfica España.
9 (RLIN) 224259
752 ## - ENTRADA AGREGADA--NOMBRE JERÁRQUICO DEL LUGAR
País o entidad superior Gran Bretaña -
Ciudad Londres
852 ## - LOCALIZACIÓN
Ubicación ES-MaACL
Número de control de estantería G-10008
Nota libre -- Enc. tela
Holdings
Estatus retirado Estado de pérdida Estado de daño No para préstamo Colección Biblioteca de origen Biblioteca actual Ubicación en estantería Fecha de adquisición Fuente de adquisición Total de préstamos Signatura topográfica completa Código de barras Visto por última vez Precio de reemplazo Tipo de ítem Koha
        Libros del s. XIX Biblioteca del Ateneo de Madrid Biblioteca del Ateneo de Madrid Sala Pecera Planta 3 17/01/2008     G-10008 1173892 23/02/2023 23/02/2023 Libro impreso antiguo